000 00494nam a22001817a 4500
003 CEME
005 20210628205853.0
008 210120b xxu||||| |||| 00| 0 eng d
020 _a0-07-911171-8
040 _cceme
082 _a621.3822 TAY
100 _aFred J.Taylor
_977320
245 _aPrinciples of Signals and System
260 _aNEWYORK
_bMCGRAW HILL
_c1994
300 _a562P
650 _aSYSTEMS ANALYSIS SIGNAL THEORY-TELECOMMUNICATION-MATHEMATICS
_977321
942 _cBK
_2ddc
999 _c582610
_d582610